000
00276nam a2200109Ia 4500
008
140130s9999 xx 000 0 und d
245
_c
Lunsford, Susan
_a
Teaching w/ favorite Read-Alouds in prek
260
_b
Scholastic,
_c
2004
440
_v
1
942
_c
BK
999
_c
41648
_d
41648